000 00259nam a2200097Ia 4500
008 240331s9999 xx 000 0 und d
082 _bAGR
100 _aArgenti-pillen,A
245 0 _aMaskin terror :
_bhow women contain violence in southern Sri Lanka
942 _cL
999 _c4558
_d4558